MARC

LEADER 00000nam0a2200000 4500
001 224087
005 20231101230553.0
035 |a (RuTPU)RU\TPU\book\244371 
035 |a RU\TPU\book\232443 
090 |a 224087 
100 |a 20120402d1936 k y0rusy50 ca 
101 1 |a rus  |c ger 
102 |a RU 
105 |a a z 001zy 
200 1 |a Наглядная геометрия  |e пер. с нем.  |f Д. Гильберт, С. Кон-Фоссен 
210 |a Москва  |a Ленинград  |c ОНТИ  |d 1936 
215 |a 302 с.  |c ил. 
320 |a Предметный указатель: с. 298-302 
606 1 |a Геометрия  |2 stltpush  |3 (RuTPU)RU\TPU\subj\6171  |9 34123 
610 1 |a кривые 
610 1 |a поверхности 
610 1 |a точечные решетки 
610 1 |a конфигурации 
610 1 |a кинематика 
610 1 |a топология 
675 |a 514  |v 3 
700 1 |a Гильберт  |b Д.  |g Давид 
701 1 |a Кон-Фоссен  |b С.  |g Стефан 
801 1 |a RU  |b 63413507  |c 20121019 
801 2 |a RU  |b 63413507  |c 20180613  |g RCR 
942 |c BK